| 000 | 00783cab a22001935a 4500 | ||
|---|---|---|---|
| 001 | L152262 | ||
| 008 | 110215e20110212xxk 000 0 eng d | ||
| 035 | _a(Sirsi) u152262 | ||
| 041 | 0 | _aeng | |
| 100 | 1 | _aMaxwell, Estelle | |
| 245 | 0 | 0 |
_aFocus _bauctions |
| 260 | _c2011 | ||
| 490 |
_aEstates Gazette _v(1106) 12 February 2011, 57-72(6) |
||
| 520 | _aRecovery from the recession, public spending cuts and the increase in VAT to 20% in January 2011 have created difficult trading conditions for the property auction market. Collabration between smaller independent firms sharing costs of hiring venues and franchising are helping firms to survive the difficult market conditions. | ||
| 590 | _aKA | ||
| 651 | 4 |
_aUnited Kingdom _y |
|
| 690 |
_aAuctioneering _96218 |
||
| 942 | _n0 | ||
| 999 |
_c82921 _d82921 |
||